Commons Act 2006 (Record no. 105728)

MARC details
000 -LEADER
fixed length control field 01112cam a2200217 4500
001 - CONTROL NUMBER
control field ##L134559
008 - FIXED-LENGTH DATA ELEMENTS--GENERAL INFORMATION
fixed length control field 060816n2006 000 0 eng u
020 ## - INTERNATIONAL STANDARD BOOK NUMBER
International Standard Book Number 0105626066
035 ## - SYSTEM CONTROL NUMBER
System control number (Sirsi) u134559
041 0# - LANGUAGE CODE
Language code of text/sound track or separate title eng
050 04 - LIBRARY OF CONGRESS CALL NUMBER
Classification number 333.32 $2 18
245 00 - TITLE STATEMENT
Title Commons Act 2006
260 ## - PUBLICATION, DISTRIBUTION, ETC.
Place of publication, distribution, etc. London
Name of publisher, distributor, etc. TSO
Date of publication, distribution, etc. 2006
520 ## - SUMMARY, ETC.
Summary, etc. Received Royal Assent on 19 July 2006. The Act gives effect to the recommendations set out in the Common Land Policy Statement with respect to the registration of common land and town or village greens, works and fencing on common land, and the agricultural use and management of common land. Makes more limited changes to the law with regard to town or village greens, principally in relation to the registrations of and the criteria for registering new greens. The Act extends only to England and Wales.
590 ## - LOCAL NOTE (RLIN)
Local note IKA220806
650 24 - SUBJECT ADDED ENTRY--TOPICAL TERM
Topical term or geographic name entry element COMMONS ACT 2006
651 #4 - SUBJECT ADDED ENTRY--GEOGRAPHIC NAME
Geographic name England and Wales
Chronological subdivision 1543-
690 ## - LOCAL SUBJECT ADDED ENTRY--TOPICAL TERM (OCLC, RLIN)
Topical term or geographic name as entry element PROPERTY-RURAL AND NATURAL ASSETS-LAND
856 40 - ELECTRONIC LOCATION AND ACCESS
Uniform Resource Identifier <a href="https://www.opsi.gov.uk/acts/acts2006a.htm">https://www.opsi.gov.uk/acts/acts2006a.htm</a>
Public note View the Act free of charge at www.opsi.gov.uk...
942 ## - ADDED ENTRY ELEMENTS (KOHA)
Suppress in OPAC 0
Holdings
Withdrawn status Lost status Source of classification or shelving scheme Damaged status Not for loan Home library Current library Shelving location Date acquired Total Checkouts Full call number Barcode Date last seen Copy number Price effective from Koha item type
    Dewey Decimal Classification     Virtual Virtual Online 16/08/2006   ONLINE PUBLICATION 134559-2001 06/08/2019 1 06/08/2019 Book